Classical Fourier analysis /
Guardado en:
| Autor Principal: | |
|---|---|
| Formato: | Libro |
| Idioma: | English |
| Publicado: |
New York :
Springer,
c2008.
|
| Edición: | 2nd ed. |
| Series: | Graduate texts in mathematics ;
249 |
| Materias: | |
| Etiquetas: |
Agregar Etiqueta
Sin Etiquetas, Sea el primero en etiquetar este registro!
|
| LEADER | 00990cam a22002774a 4500 | ||
|---|---|---|---|
| 001 | MAT.inmabb006397 | ||
| 008 | 080718s2008####nyua#####b####001#0#eng## | ||
| 005 | 20130404145009.0 | ||
| 245 | 1 | 0 | |a Classical Fourier analysis / |c Loukas Grafakos. |
| 250 | |a 2nd ed. | ||
| 260 | |a New York : |b Springer, |c c2008. | ||
| 300 | |a xvi, 489 p. : |b il. ; |c 24 cm. | ||
| 490 | 1 | |a Graduate texts in mathematics, |x 0072-5285 ; |v 249 | |
| 500 | |a Rev. ed. of : Classical and modern Fourier analysis. 2004. | ||
| 504 | |a Incluye referencias bibliográficas (p. 473-483) e índice. | ||
| 510 | 4 | |a MR, |c 2011c:42001 | |
| 020 | |a 9780387094311 (acid-free paper) | ||
| 020 | |a 9780387094328 (e-ISBN) | ||
| 100 | 1 | |a Grafakos, Loukas. | |
| 700 | 1 | |a Grafakos, Loukas. |t Classical and modern Fourier analysis. | |
| 830 | 0 | |a Graduate texts in mathematics ; |v 249 | |
| 650 | 0 | |a Fourier analysis. | |
| 084 | |a 42-01 (42Bxx) |2 msc2000 | ||
| 010 | |a 2008933456 | ||
| 040 | |a DLC |c DLC | ||
| 859 | |h 42 |i G736c |p A-8632 |b BIB. MATEMATICA | ||
